[Event "Moscow Open F Women"]
[Site "Moscow RUS"]
[Date "2011.01.29"]
[Round "1.27"]
[White "Paramzina, Anastasya"]
[Black "Shulakova, Svetlana"]
[Result "0-1"]
[BlackTitle "WFM"]
[WhiteElo "1860"]
[BlackElo "2180"]
[WhiteFideId "4165012"]
[BlackFideId "4142691"]
[EventDate "2011.01.29"]

1. e4 c5 2. Nf3 e6 3. d4 cxd4 4. Nxd4 Nf6 5. Nc3 d6 6. Be2 Be7 7. O-O Nc6 8. Be3
O-O 9. f4 e5 10. fxe5 dxe5 11. Nxc6 bxc6 12. Qe1 Qc7 13. a3 Be6 14. h3 Rab8 15.
Rb1 Rb7 16. Qf2 Qa5 17. Kh1 Rfb8 18. Bc1 Qc7 19. Ra1 Rd8 20. Rd1 Rxd1+ 21. Bxd1
Qd7 22. Bf3 a5 23. Qe1 Bxh3 24. Qg3 Bg4 25. b3 Bxf3 26. Qxf3 Qg4 27. Qd3 Rd7 28.
Qh3 Bc5 29. Bb2 Rd2 30. Rc1 Qxh3+ 31. gxh3 Nh5 0-1

[Event "Moscow Open F Women"]
[Site "Moscow RUS"]
[Date "2011.01.29"]
[Round "1.29"]
[White "Zasypkina, Evgenia"]
[Black "Eryshkanova, Anastasiya"]
[Result "0-1"]
[BlackTitle "WFM"]
[WhiteElo "1855"]
[BlackElo "2168"]
[WhiteFideId "24102784"]
[BlackFideId "24119059"]
[EventDate "2011.01.29"]

1. e4 e5 2. Nf3 Nf6 3. Nxe5 Qe7 4. Nf3 Nxe4 5. Be2 d5 6. O-O Be6 7. Nc3 Nc6 8.
Bb5 Qc5 9. Qe2 Nxc3 10. dxc3 O-O-O 11. Be3 Qd6 12. Rad1 Bg4 13. Bxc6 Qxc6 14. h3
Bh5 15. g4 Bg6 16. Nd4 Qf6 17. c4 h5 18. g5 Qa6 19. cxd5 Qxe2 20. Nxe2 Bxc2 21.
Rd2 Bf5 22. Kh2 Bd6+ 23. Bf4 Rhe8 24. Bxd6 Rxd6 25. Ng3 Bg6 26. f4 h4 27. Ne2
Bf5 28. Nc3 Re3 29. Nb5 Rxh3+ 30. Kg2 Rg3+ 31. Kf2 Rd7 32. Re1 a6 33. Re8+ Rd8
34. Rxd8+ Kxd8 35. Nc3 Bg4 36. d6 Rf3+ 37. Kg2 h3+ 38. Kh2 cxd6 39. Rxd6+ Kc8
40. Rd2 Rxf4 41. Nd5 Re4 42. Rf2 Re2 43. Rxe2 Bxe2 44. Kxh3 Kd7 45. Nc3 Bd3 46.
Kg4 Kd6 47. Kf4 Kc5 48. Ke3 Bg6 49. Ne2 Bb1 50. Nc3 Bh7 51. Ne2 Kd5 52. Kf4 Bd3
53. Nc3+ Kd4 54. Kf3 b5 55. a3 Kc4 56. Ke3 Bg6 57. Kd2 Bd3 58. Nd1 Kd4 59. Nf2
Bc4 60. Nd1 Ke4 61. Nc3+ Kf5 62. Ke3 Kxg5 63. Ne4+ Kf5 64. Nc3 a5 65. b3 Be6 66.
b4 axb4 67. axb4 g5 0-1

[Event "Moscow Open F Women"]
[Site "Moscow RUS"]
[Date "2011.01.29"]
[Round "1.30"]
[White "Gvanceladze, Anna"]
[Black "Mestnikova, Tuyara"]
[Result "1/2-1/2"]
[WhiteTitle "WFM"]
[WhiteElo "2163"]
[BlackElo "1852"]
[WhiteFideId "4113721"]
[BlackFideId "4127358"]
[EventDate "2011.01.29"]

1. d4 c6 2. Nf3 d5 3. c4 Nf6 4. Nc3 dxc4 5. a4 Bf5 6. e3 e6 7. Bxc4 Bd6 8. O-O
O-O 9. Qe2 Ne4 10. Bd3 Nxc3 11. bxc3 Bxd3 12. Qxd3 a6 13. e4 Nd7 14. e5 Be7 15.
a5 b6 16. axb6 Qxb6 17. Bd2 c5 18. Rfb1 Qc6 19. Rb2 c4 20. Qb1 Rfb8 21. Raa2 h6
22. Ne1 Rb6 23. Rxb6 Nxb6 24. Nc2 Nd5 25. Ne3 Nf4 26. Qf1 Nd3 27. Qa1 Qb5 28.
Ra5 Qc6 29. Qa4 Qb6 30. Qa2 Qb3 31. g3 Bg5 32. f4 Bd8 33. Ra3 Qb5 34. Nxc4 Be7
35. Ra5 Qc6 36. Be3 Rc8 37. Ra4 Ne1 38. Kf2 Qh1 39. Qe2 Nc2 40. h4 Qh2+ 41. Kf3
Qh1+ 42. Kf2 Qh2+ 43. Kf3 Qh1+ 44. Kf2 Qh2+ 1/2-1/2

[Event "Moscow Open F Women"]
[Site "Moscow RUS"]
[Date "2011.01.29"]
[Round "1.31"]
[White "Egorova, Ayyyna"]
[Black "Sazonova, Elena N."]
[Result "1-0"]
[WhiteTitle "WCM"]
[BlackTitle "WIM"]
[WhiteElo "1847"]
[BlackElo "2162"]
[WhiteFideId "24136611"]
[BlackFideId "4109767"]
[EventDate "2011.01.29"]

1. c4 e5 2. Nc3 Nc6 3. g3 Nf6 4. Bg2 Bb4 5. Nf3 Bxc3 6. bxc3 O-O 7. O-O d6 8. d4
h6 9. Ba3 e4 10. Nd2 Qe7 11. e3 Re8 12. Rb1 Bg4 13. Qa4 Bd7 14. Qc2 b6 15. Rfe1
Rab8 16. f3 exf3 17. Bxf3 Na5 18. Bb4 Nb7 19. e4 c5 20. Ba3 Na5 21. e5 dxe5 22.
Rxe5 Qd6 23. Rbe1 Qc7 24. Rxe8+ Rxe8 25. Rxe8+ Bxe8 26. dxc5 bxc5 27. Qf5 Nd7
28. Qd5 g6 29. Ne4 Qb8 30. Bxc5 Qb1+ 31. Bd1 Nxc4 32. Bxa7 Nb2 33. Nf2 Nxd1 34.
Nxd1 Ne5 35. Qxe5 Qxd1+ 36. Kf2 Bc6 37. Bd4 Qf3+ 38. Ke1 Qh1+ 39. Kd2 Qxh2+ 40.
Kd3 Bb5+ 41. Qxb5 Qxg3+ 42. Kc4 Qc7+ 43. Kb3 g5 44. Qe8+ Kh7 45. Qe4+ Kg8 46.
Qa8+ Kh7 47. a4 Kg6 48. a5 Qd7 49. Qa6+ Kh5 50. Qe2+ Kg6 51. a6 Qd5+ 52. Qc4 Qf5
53. a7 Qb1+ 54. Ka4 Qb7 55. Qb5 Qa8 56. Qb8 Qc6+ 57. Ka3 Qa6+ 58. Kb3 1-0

[Event "Moscow Open F Women"]
[Site "Moscow RUS"]
[Date "2011.01.29"]
[Round "1.32"]
[White "Baraeva, Marina"]
[Black "Frantsuzova, Lyudmila"]
[Result "1-0"]
[WhiteTitle "WFM"]
[WhiteElo "2152"]
[BlackElo "1839"]
[WhiteFideId "24142573"]
[BlackFideId "4171918"]
[EventDate "2011.01.29"]

1. d4 d5 2. Nf3 c6 3. c4 Bg4 4. Nc3 dxc4 5. Ne5 Be6 6. e4 Nf6 7. a4 Na6 8. Nxc4
g6 9. Be2 Bg7 10. O-O O-O 11. Be3 Nc7 12. f3 Qc8 13. Rc1 Rd8 14. Qc2 Nfe8 15.
Rfd1 f6 16. b4 Kh8 17. Na5 Nd6 18. Nb1 Rd7 19. Nb3 Bxb3 20. Qxb3 Qe8 21. Na3 a6
22. Rd2 Rad8 23. Rdc2 e6 24. Nc4 Nxc4 25. Bxc4 e5 26. dxe5 Rd1+ 27. Kf2 Qxe5 28.
g3 Qh5 29. Kg2 Rxc1 30. Rxc1 Qe5 31. Bf4 Qe7 32. Rd1 Bf8 33. Rxd8 Qxd8 34. Qc3
Bg7 35. Bb3 g5 36. Be3 Ne8 37. Bc5 h5 38. Qc4 Qd2+ 39. Bf2 Kh7 40. Qg8+ Kh6 41.
Qxe8 Qxb4 42. g4 hxg4 43. fxg4 Kh7 44. Bg8+ Kh8 45. Be6+ Qf8 46. Qh5+ Bh6 47.
Bc5 Qg7 48. Qe8+ Kh7 49. Bf5+ Qg6 50. Qxg6+ Kh8 51. Qh7# 1-0

[Event "Moscow Open F Women"]
[Site "Moscow RUS"]
[Date "2011.01.29"]
[Round "1.33"]
[White "Chadaeva, Tatiana"]
[Black "Schepetkova, Margarita"]
[Result "1/2-1/2"]
[WhiteElo "1835"]
[BlackElo "2148"]
[WhiteFideId "24152757"]
[BlackFideId "4189949"]
[EventDate "2011.01.29"]

1. e4 c5 2. Nc3 e6 3. g3 d5 4. exd5 exd5 5. Bg2 Nf6 6. Nge2 d4 7. Ne4 Nd5 8. d3
Be7 9. Nf4 Nc7 10. Qe2 O-O 11. O-O Nc6 12. c3 f5 13. Nd2 Bf6 14. c4 Qd6 15. Nd5
Bd7 16. Nxf6+ Qxf6 17. Nf3 Rae8 18. Qd1 Ne6 19. Bd2 g5 20. h3 Re7 21. Qc1 f4 22.
a3 h5 23. Nh2 Ne5 24. Be4 Bc6 25. Bxc6 bxc6 26. Qd1 Qg6 27. Nf3 Nxf3+ 28. Qxf3
fxg3 29. Qxg3 Nf4 30. Bxf4 Rxf4 31. Rae1 Ref7 32. Re8+ Kh7 33. Re5 g4 34. h4 Rf3
35. Qg2 Kh6 36. Rfe1 R7f6 37. Rxc5 g3 38. Kh1 Rxf2 39. Rg5 Qxd3 40. Rxg3 Qh7 41.
Qg1 Qf7 42. Rg8 Kh7 43. Ree8 Rh2+ 44. Kxh2 Rf2+ 45. Kh1 Qf3+ 46. Rg2 Rf1 47.
Re7+ Kh6 48. Re6+ Kh7 49. Re7+ Kh6 50. Re6+ 1/2-1/2

[Event "Moscow Open F Women"]
[Site "Moscow RUS"]
[Date "2011.01.29"]
[Round "1.35"]
[White "Shmyreva, Tatiana"]
[Black "Semenova, Elena"]
[Result "0-1"]
[BlackTitle "WFM"]
[WhiteElo "1806"]
[BlackElo "2139"]
[WhiteFideId "24152803"]
[BlackFideId "24125148"]
[EventDate "2011.01.29"]

1. d4 f5 2. c4 Nf6 3. Nc3 g6 4. Nf3 Bg7 5. Qc2 O-O 6. e4 fxe4 7. Nxe4 Nxe4 8.
Qxe4 d6 9. Rb1 Bf5 10. Qd5+ Kh8 11. Qxb7 Nc6 12. Ra1 Nxd4 13. Nxd4 Bxd4 14. Be3
Bxe3 15. fxe3 Rb8 16. Qxa7 e5 0-1

[Event "Moscow Open F Women"]
[Site "Moscow RUS"]
[Date "2011.01.29"]
[Round "1.36"]
[White "Yakupova, Aysyla"]
[Black "Vasiukova, Ekaterina"]
[Result "1-0"]
[WhiteElo "2132"]
[BlackElo "1746"]
[WhiteFideId "4197569"]
[BlackFideId "24114626"]
[EventDate "2011.01.29"]

1. e4 c6 2. d4 d5 3. Nc3 dxe4 4. Nxe4 Bf5 5. Ng3 Bg6 6. h4 h6 7. Nf3 Nd7 8. Bd3
Bxd3 9. Qxd3 e6 10. Bd2 Ngf6 11. O-O-O Be7 12. Qe2 O-O 13. Ne5 c5 14. dxc5 Nxe5
15. Qxe5 Qd5 16. Bc3 Qxc5 17. Qxc5 Bxc5 18. Bxf6 gxf6 19. Ne4 Be7 20. Rd7 Rfe8
21. Rxb7 f5 22. Nc3 Bc5 23. Rf1 Re7 24. Rxe7 Bxe7 25. g3 Rd8 26. Rd1 Rxd1+ 27.
Kxd1 f4 28. Ne2 fxg3 29. fxg3 Kg7 30. Kd2 Kf6 31. Kd3 Kf5 32. c3 Bd6 33. b4 Kg4
34. a4 h5 35. a5 a6 36. Kc4 f5 37. b5 axb5+ 38. Kxb5 Bxg3 39. Nxg3 Kxg3 40. a6
f4 41. a7 f3 42. a8=Q f2 43. Qh1 e5 44. Kc4 e4 45. Kd4 f1=Q 46. Qxf1 Kxh4 47.
Qg1 Kh3 48. Kxe4 h4 49. Qg5 Kh2 50. Kf3 h3 51. Kf2 Kh1 52. Qg1# 1-0

[Event "Moscow Open F Women"]
[Site "Moscow RUS"]
[Date "2011.01.29"]
[Round "1.37"]
[White "Sigua, Irina"]
[Black "Krasenkova, Ilena"]
[Result "0-1"]
[BlackTitle "WIM"]
[WhiteElo "1731"]
[BlackElo "2121"]
[WhiteFideId "24158976"]
[BlackFideId "4119037"]
[EventDate "2011.01.29"]

1. e4 e5 2. Nf3 Nc6 3. Bb5 d6 4. d4 exd4 5. Nxd4 Bd7 6. Nc3 a6 7. Bxc6 bxc6 8.
O-O Be7 9. f4 c5 10. Nf3 c6 11. b3 Qc7 12. Bb2 f6 13. Qe2 Nh6 14. Rae1 O-O 15.
h3 a5 16. Na4 Rae8 17. Qd2 Bc8 18. c4 Rd8 19. Bc3 Rde8 20. Bxa5 Qa7 21. Bb6 Qb7
22. e5 dxe5 23. fxe5 Nf5 24. Bxc5 Ng3 25. Rf2 f5 26. Bxe7 Rxe7 27. Nc3 Qa7 28.
Qe3 Qa5 29. Nd4 Rd7 30. Nxc6 Qc7 31. Qxg3 Qxc6 32. Nd5 Rdf7 33. Qg5 Re8 34. Ree2
h6 35. Qg3 Kh7 36. Qf3 Qa6 37. Qc3 Rd8 38. Nf4 Re7 39. Qb4 Rde8 40. Qd6 Qa7 41.
Nd5 Re6 42. Qc7 R6e7 43. Qxa7 Rxa7 44. a4 Kg8 45. Nb6 Be6 46. Rd2 Kf7 47. b4 g5
48. a5 f4 49. c5 Kg6 50. c6 Kf5 51. Rfe2 h5 52. Rc2 Ree7 53. Rc5 g4 54. hxg4+
hxg4 55. Kf2 Kg5 56. Rec2 g3+ 57. Kg1 Rec7 58. Nd5 Rc8 59. Nf6 Rd8 60. Rc1 Rd4
61. Rb5 Rc7 62. Rb7 Rxc6 63. Rc7 Rxc7 64. Rb1 Rxb4 65. Ra1 Kf5 66. a6 Kxe5 0-1

[Event "Moscow Open F Women"]
[Site "Moscow RUS"]
[Date "2011.01.29"]
[Round "1.39"]
[White "Burmistrova, Alena"]
[Black "Kharmunova, Nadejda"]
[Result "0-1"]
[BlackTitle "WFM"]
[WhiteElo "1720"]
[BlackElo "2118"]
[WhiteFideId "24160415"]
[BlackFideId "4195876"]
[EventDate "2011.01.29"]

1. f4 d5 2. Nf3 c5 3. e3 Nc6 4. Bb5 Nf6 5. b3 Bd7 6. Bxc6 Bxc6 7. O-O e6 8. Bb2
Be7 9. Ne5 O-O 10. d3 d4 11. e4 Rc8 12. Nd2 b5 13. Qe2 Bb7 14. a4 a6 15. h3 Nd7
16. Ndf3 f6 17. Nxd7 Qxd7 18. Nd2 Bc6 19. axb5 axb5 20. Ra2 Qb7 21. Rfa1 Ra8 22.
Rxa8 Rxa8 23. Qf1 Rxa1 24. Qxa1 Bd6 25. g3 g5 26. Qf1 gxf4 27. gxf4 Qg7+ 28. Kh2
Qh6 29. Kg3 Qg5+ 30. Kf2 Bxf4 31. Nf3 Qg3+ 32. Ke2 Be8 33. Qg1 Bh5 34. Qxg3+
Bxg3 35. Bc1 Kg7 36. Ba3 b4 37. Bc1 Kg6 38. Bd2 e5 39. Bc1 Bh4 40. Bd2 h6 41.
Bc1 Bg5 42. Bxg5 hxg5 43. Kf2 Bxf3 44. Kxf3 f5 45. Ke2 fxe4 46. dxe4 Kh5 47. Kd3
Kh4 48. Kc4 Kxh3 49. Kxc5 g4 50. Kxb4 g3 51. Kc4 g2 52. b4 g1=Q 53. b5 Qb1 54.
Kc5 Qxc2+ 55. Kd5 d3 56. b6 d2 57. b7 d1=Q+ 58. Ke6 Qc6+ 0-1

[Event "Moscow Open F Women"]
[Site "Moscow RUS"]
[Date "2011.01.29"]
[Round "1.40"]
[White "Bivol, Alina"]
[Black "Vanchikova, Dulma"]
[Result "1-0"]
[WhiteTitle "WFM"]
[WhiteElo "2114"]
[BlackElo "1719"]
[WhiteFideId "4100123"]
[BlackFideId "4170792"]
[EventDate "2011.01.29"]

1. e4 e5 2. Nf3 Nc6 3. Bc4 h6 4. O-O Bc5 5. c3 Nf6 6. d4 exd4 7. cxd4 Bb6 8. e5
Nh7 9. d5 Ne7 10. a4 a6 11. b3 O-O 12. d6 cxd6 13. exd6 Ng6 14. Nc3 Bc5 15. Qd5
Bb4 16. Na2 Ba5 17. Bb2 Rb8 18. b4 Bb6 19. Qe4 Nh8 20. Nc3 Nf6 21. Qd3 Ba7 22.
Rae1 b5 23. axb5 axb5 24. Nxb5 Bb6 25. Nbd4 Bxd4 26. Nxd4 Rxb4 27. Bc3 Rb8 28.
Nf5 Bb7 29. Ne7+ Qxe7 30. dxe7 Rfe8 31. Bxf6 gxf6 32. Re3 Kg7 33. Rg3+ Ng6 34.
Bxf7 Kxf7 35. Qxg6+ Kxe7 36. Re3+ Kd6 37. Rd1+ Kc7 38. Qg3+ Re5 39. Rxe5 fxe5
40. Qxe5+ Kc8 41. Qe8+ Kc7 42. Qxd7+ Kb6 43. Qd6+ Ka7 44. Ra1+ Ba6 45. Qxa6# 1-0

[Event "Moscow Open F Women"]
[Site "Moscow RUS"]
[Date "2011.01.29"]
[Round "1.41"]
[White "Mokshanova, Elizaveta"]
[Black "Tsepennikova, Tatyana"]
[Result "1/2-1/2"]
[BlackTitle "WFM"]
[WhiteElo "1711"]
[BlackElo "2104"]
[WhiteFideId "24160679"]
[BlackFideId "4153901"]
[EventDate "2011.01.29"]

1. e4 c6 2. d4 d5 3. exd5 cxd5 4. c4 Nf6 5. Nc3 e6 6. Bg5 Be7 7. Nf3 h6 8. Bh4
O-O 9. c5 a5 10. a3 Nc6 11. Rb1 Ne4 12. Bxe7 Qxe7 13. Na4 e5 14. Be2 exd4 15.
Rc1 Re8 16. Nb6 Nxc5 17. Nxa8 d3 18. Rxc5 Qxc5 19. Qxd3 Bf5 20. Qd2 Rxa8 21. O-O
d4 22. Rc1 Qd6 23. Bb5 Rd8 24. Bxc6 bxc6 25. Qxa5 Be4 26. Nd2 Bd5 27. Qb6 Qf6
28. f3 Qg5 29. Re1 Qh4 30. g3 Qf6 31. a4 Rc8 32. Qa6 Rb8 33. Qd3 c5 34. Rc1 Qb6
35. b3 Qb4 36. Ne4 Re8 37. Qb5 Rd8 38. Qxc5 Qxb3 39. Qxd4 Qxf3 40. Re1 h5 41.
Qe3 Qg4 42. Qg5 Qxg5 43. Nxg5 f6 44. Ne4 Bc6 45. Nc3 Rd3 46. Ne2 Ra3 47. Nf4 Bf3
48. Kf2 Bg4 49. h3 Ra2+ 50. Ke3 Bd7 51. Rd1 Bxa4 52. Rd8+ Kf7 53. Nxh5 g6 54.
Nf4 g5 55. Ne2 Bc6 56. Rd2 Ra1 57. Nd4 Bb7 58. Nc2 Rb1 59. Nd4 Rh1 60. h4 gxh4
61. Nf5 hxg3 62. Nd6+ Kg6 63. Nxb7 Rh2 64. Rd1 Kg5 65. Nd6 f5 66. Nxf5 1/2-1/2

[Event "Moscow Open F Women"]
[Site "Moscow RUS"]
[Date "2011.01.29"]
[Round "1.42"]
[White "Gorozhankina, Julia"]
[Black "Anfinogenova, Anastasiya"]
[Result "1-0"]
[WhiteTitle "WFM"]
[WhiteElo "2088"]
[BlackElo "1708"]
[WhiteFideId "4199650"]
[BlackFideId "24123030"]
[EventDate "2011.01.29"]

1. e4 e5 2. Bc4 Nf6 3. d4 exd4 4. Nf3 Bb4+ 5. c3 dxc3 6. bxc3 Be7 7. e5 Ne4 8.
Qd5 O-O 9. Qxe4 Nc6 10. O-O a6 11. a4 d6 12. exd6 cxd6 13. Bd5 Bd7 14. Be3 Kh8
15. Na3 f5 16. Qb1 Qc8 17. Nc4 Qc7 18. Ng5 Bxg5 19. Bxg5 f4 20. Qb6 Qb8 21. Bxc6
Bxc6 22. Be7 Rf7 23. Bxd6 Qc8 24. Ne5 Rf6 25. Qd4 f3 26. Rfd1 Qe6 27. Nxc6 bxc6
28. Be5 Rg6 29. Qd8+ Qg8 30. Qxg8+ Kxg8 31. g3 Re6 32. Bd4 Re2 33. Rd3 Rf8 34.
Re3 Rb8 35. Rxf3 Rb3 36. a5 Rc2 37. Re1 h6 38. Re8+ Kh7 39. Rf7 1-0

[Event "Moscow Open F Women"]
[Site "Moscow RUS"]
[Date "2011.01.29"]
[Round "1.45"]
[White "Cherniavskaya, Klara"]
[Black "Zizlova, Sofia"]
[Result "0-1"]
[WhiteElo "1645"]
[BlackElo "2085"]
[WhiteFideId "4194462"]
[BlackFideId "4123476"]
[EventDate "2011.01.29"]

1. Nf3 c5 2. c4 g6 3. Nc3 Bg7 4. Rb1 Nc6 5. e3 Nf6 6. d4 cxd4 7. exd4 d5 8. c5
Bg4 9. h3 Bxf3 10. gxf3 O-O 11. Bg2 Nh5 12. Be3 e5 13. Ne2 exd4 14. Bxd4 Nxd4
15. Nxd4 Nf4 16. Rg1 Qg5 0-1

[Event "Moscow Open F Women"]
[Site "Moscow RUS"]
[Date "2011.01.29"]
[Round "1.46"]
[White "Kostrikina, Anna"]
[Black "Vasiukova, Renata D."]
[Result "1-0"]
[WhiteTitle "WFM"]
[WhiteElo "2079"]
[BlackElo "1600"]
[WhiteFideId "4176219"]
[BlackFideId "4106067"]
[EventDate "2011.01.29"]

1. e4 c6 2. d4 Qa5+ 3. Nc3 g5 4. Be3 d6 5. Qd2 g4 6. h3 Qh5 7. Be2 Qg6 8. O-O-O
h5 9. hxg4 Bxg4 10. Nh3 Bh6 11. Bxh6 Bxe2 12. Nf4 Qxh6 13. Ncxe2 Nf6 14. e5 Ne4
15. Qe3 d5 16. Rxh5 Qg7 17. Rxh8+ Qxh8 18. f3 Ng5 19. Nxd5 cxd5 20. Qxg5 e6 21.
Ng3 Nd7 22. Rh1 Qf8 23. Nh5 Qe7 24. Ng7+ Kd8 25. Rh8+ 1-0

[Event "Moscow Open F Women"]
[Site "Moscow RUS"]
[Date "2011.01.29"]
[Round "1.47"]
[White "Loginova, Tatiana"]
[Black "Markelova, Lubov"]
[Result "0-1"]
[WhiteElo "1599"]
[BlackElo "2076"]
[WhiteFideId "24174700"]
[BlackFideId "24131369"]
[EventDate "2011.01.29"]

1. e4 c5 2. Nf3 Nc6 3. d4 cxd4 4. Nxd4 Qb6 5. c3 Nf6 6. Nxc6 dxc6 7. Nd2 e5 8.
Bd3 Be6 9. O-O Rd8 10. Qc2 Ng4 11. Nf3 Bc5 12. Ne1 O-O 13. h3 Nf6 14. Bg5 Be7
15. Nf3 h6 16. Bh4 Qc7 17. c4 Nh5 18. Bxe7 Qxe7 19. Nxe5 Nf4 20. Be2 Qg5 21. Ng4
Rd2 22. Qxd2 Nxh3+ 23. gxh3 Qxd2 24. Bf3 Qf4 25. Kg2 f5 26. exf5 Rxf5 27. Nh2
Rg5+ 28. Kh1 Bxc4 29. Rfe1 Bd5 30. Bxd5+ cxd5 31. Re2 Qh4 32. Rg1 Rxg1+ 33. Kxg1
Qxh3 34. Re7 Qc8 35. Re2 d4 36. Kg2 g5 37. Rd2 Qc6+ 38. Kg3 Qd6+ 39. Kg2 Qf4 40.
Re2 d3 41. Re8+ Kf7 42. Rd8 d2 43. f3 Qe3 44. Ng4 Qe2+ 45. Nf2 Ke7 46. Rd4 Kf7
47. Rd7+ Kg6 48. Rd6+ Kh5 49. Rd5 b5 50. Rd7 a5 51. Rd5 a4 52. Rd6 b4 53. Rd4 a3
54. bxa3 bxa3 55. Rd5 d1=Q 56. Rxd1 Qxa2 57. Kf1 Qc2 58. Nd3 Qxd1+ 0-1

[Event "Moscow Open F Women"]
[Site "Moscow RUS"]
[Date "2011.01.29"]
[Round "1.48"]
[White "Ainutdinova, Yekaterina"]
[Black "Afanasieva, Elena"]
[Result "1-0"]
[WhiteElo "2073"]
[BlackElo "1592"]
[WhiteFideId "13705563"]
[BlackFideId "4170580"]
[EventDate "2011.01.29"]

1. e4 e5 2. Nf3 Nc6 3. Bb5 d6 4. d4 exd4 5. Nxd4 Bd7 6. O-O Nge7 7. Bg5 Nxd4 8.
Bxd7+ Qxd7 9. Qxd4 Nc6 10. Qc3 f6 11. Be3 Be7 12. Qb3 O-O-O 13. Nc3 Na5 14. Qa3
b6 15. b4 d5 16. Nxd5 Bd6 17. Qd3 Nb7 18. Qa6 Kb8 19. c4 c5 20. Rad1 Qc8 21. Nc3
Bxh2+ 22. Kxh2 Nd6 23. Qxc8+ Kxc8 24. bxc5 Nxc4 25. cxb6 Nxe3 26. fxe3 axb6 27.
Rxd8+ Rxd8 28. Rd1 Rxd1 29. Nxd1 Kc7 30. Kg3 b5 31. Kf4 b4 32. e5 g5+ 33. Kf5
fxe5 34. Kxe5 Kc6 35. e4 Kb5 36. Kd5 Ka4 37. e5 Ka3 38. e6 Kxa2 39. e7 1-0

[Event "Moscow Open F Women"]
[Site "Moscow RUS"]
[Date "2011.01.29"]
[Round "1.49"]
[White "Artemenko, Rimma"]
[Black "Frolova, Ekaterina"]
[Result "0-1"]
[WhiteElo "1566"]
[BlackElo "2067"]
[WhiteFideId "4194799"]
[BlackFideId "4159420"]
[EventDate "2011.01.29"]

1. d4 Nf6 2. Nf3 d5 3. Bf4 e6 4. a3 c5 5. c3 Nc6 6. Nbd2 Qb6 7. Qb3 Qd8 8. Qc2
Be7 9. h3 a6 10. e3 b6 11. Be2 Bb7 12. Ne5 Nxe5 13. Bxe5 h6 14. b3 O-O 15. O-O
Rc8 16. Rfc1 Ne4 17. Bd3 f5 18. c4 Bf6 19. Nf3 Bxe5 20. Nxe5 cxd4 21. exd4 Qd6
22. f4 dxc4 23. Bxe4 cxb3 24. Qf2 Bxe4 25. Rxc8 Rxc8 26. Qb2 Rc2 27. Qxb3 Qxd4+
28. Kh2 Rxg2+ 0-1

[Event "Moscow Open F Women"]
[Site "Moscow RUS"]
[Date "2011.01.29"]
[Round "1.50"]
[White "Maslova, Elena"]
[Black "Stanetskaya, Galina"]
[Result "1-0"]
[WhiteElo "2065"]
[BlackElo "1531"]
[WhiteFideId "24102385"]
[BlackFideId "24156957"]
[EventDate "2011.01.29"]

1. e4 c5 2. Nf3 d6 3. d4 Nf6 4. Nc3 a6 5. Be3 cxd4 6. Nxd4 e5 7. Nb3 Be7 8. f3
b5 9. Nd5 Nbd7 10. Nxe7 Qxe7 11. Qd2 O-O 12. O-O-O Bb7 13. Qxd6 Qxd6 14. Rxd6
Rac8 15. Na5 Rc7 16. Nxb7 Rxb7 17. Rxa6 Rc8 18. Bd3 h6 19. Ra5 Rcb8 20. Rd1 Nf8
21. b3 Nh5 22. c4 Nf4 23. Bxf4 exf4 24. Rxb5 Rxb5 25. cxb5 g5 26. a4 Ng6 27. a5
Ne5 28. Bc4 Nxc4 29. bxc4 h5 30. b6 Rc8 31. Rd4 Kg7 32. b7 g4 33. bxc8=Q 1-0

[Event "Moscow Open F Women"]
[Site "Moscow RUS"]
[Date "2011.01.30"]
[Round "2.1"]
[White "Semenova, Elena"]
[Black "Turova, Irina"]
[Result "0-1"]
[WhiteTitle "WFM"]
[BlackTitle "IM"]
[WhiteElo "2139"]
[BlackElo "2434"]
[WhiteFideId "24125148"]
[BlackFideId "4120876"]
[EventDate "2011.01.29"]

1. e4 e5 2. Nf3 Nc6 3. d4 exd4 4. Nxd4 Nf6 5. Nxc6 bxc6 6. e5 Qe7 7. Qe2 Nd5 8.
c4 Nb6 9. b3 Bb7 10. Bb2 g6 11. e6 fxe6 12. Bxh8 Bg7 13. Nd2 Bxh8 14. Rc1 c5 15.
Qg4 Qf6 16. a4 Qb2 17. Rb1 Qc2 18. Qd1 Qf5 19. Rc1 Nc8 20. Nf3 Bxf3 21. Qxf3
Qxf3 22. gxf3 Rb8 23. Rb1 Bc3+ 24. Kd1 Ne7 25. Bd3 Kf7 26. Rg1 a5 27. Bc2 Be5
28. h3 Nc6 29. Re1 Bf6 30. Re4 Nd4 31. Rxd4 cxd4 32. Ke2 c5 33. Rg1 d5 34. Kd3
Bh4 35. Rg2 Kf6 36. Bd1 Rb4 37. Bc2 dxc4+ 38. bxc4 Rb2 39. Rh2 Ra2 40. Rh1 Ra3+
41. Ke2 d3+ 42. Bxd3 Ra2+ 43. Ke3 Bxf2+ 44. Ke4 Rxa4 45. Rb1 Bd4 46. Rb7 Ra1 47.
Rxh7 Re1+ 48. Kf4 Be5+ 49. Kg4 Rg1+ 50. Kh4 Bd4 0-1

[Event "Moscow Open F Women"]
[Site "Moscow RUS"]
[Date "2011.01.30"]
[Round "2.3"]
[White "Krasenkova, Ilena"]
[Black "Savina, Anastasia"]
[Result "1/2-1/2"]
[WhiteTitle "WIM"]
[BlackTitle "WGM"]
[WhiteElo "2121"]
[BlackElo "2397"]
[WhiteFideId "4119037"]
[BlackFideId "4196872"]
[EventDate "2011.01.29"]

1. d4 d5 2. c4 e6 3. Nf3 Nf6 4. g3 dxc4 5. Bg2 Nc6 6. Qa4 Bb4+ 7. Bd2 Bd6 8. O-O
O-O 9. Qxc4 e5 10. d5 Ne7 11. Nc3 h6 12. Rfd1 a6 13. a4 c6 14. dxc6 bxc6 15. Ne4
Nxe4 16. Qxe4 Bf5 17. Qh4 Bc2 18. Rdc1 Bb3 19. Bc3 Qc7 20. Nd2 Be6 21. a5 Nd5
22. Qa4 Rab8 23. Bxd5 Bxd5 24. e4 Be6 25. Nc4 f6 26. Nxd6 Qxd6 27. Rd1 Qc5 28.
Qa3 Qc4 29. Re1 Rfd8 30. Qa4 Qc5 31. Qa3 Qb5 32. Qa4 Bb3 33. Qxb5 cxb5 34. Re3
Be6 35. b4 Rbc8 36. f4 exf4 37. gxf4 Rc4 38. Kf2 Rdc8 39. Ra3 Bf7 40. Bd2 Bg6
41. f5 Be8 42. Rac3 Kf7 43. Kf3 Bd7 44. Red3 Ke7 45. Ke3 Be8 46. Be1 g6 47. Rxc4
bxc4 48. Rc3 gxf5 49. exf5 Bf7 50. Kf4 Bd5 51. Re3+ Kf7 52. Bc3 h5 53. h4 Rb8
54. Rg3 Re8 55. Re3 Rg8 56. Rg3 Re8 1/2-1/2

[Event "Moscow Open F Women"]
[Site "Moscow RUS"]
[Date "2011.01.30"]
[Round "2.6"]
[White "Bivol, Alina"]
[Black "Nebolsina, Vera"]
[Result "1-0"]
[WhiteTitle "WFM"]
[BlackTitle "WGM"]
[WhiteElo "2114"]
[BlackElo "2388"]
[WhiteFideId "4100123"]
[BlackFideId "4163591"]
[EventDate "2011.01.29"]

1. e4 e5 2. Nf3 Nf6 3. Nxe5 d6 4. Nf3 Nxe4 5. d4 d5 6. Bd3 Be7 7. Nc3 Nxc3 8.
bxc3 O-O 9. O-O c5 10. dxc5 Nd7 11. c4 Bf6 12. Rb1 dxc4 13. Bxc4 Nxc5 14. Ba3
Qc7 15. Qd5 Be7 16. Bxc5 Qxc5 17. Ne5 Be6 18. Qxc5 Bxc5 19. Bxe6 fxe6 20. Rxb7
Rf5 21. Nd3 Bd4 22. Re1 Rc8 23. g4 Ra5 24. Rxe6 Rxa2 25. Rd6 Bf6 26. Rdd7 a5 27.
Nf4 Ra4 28. Nd5 Rxg4+ 29. Kf1 Bh4 30. h3 Rg6 31. Nf4 Rh6 32. Rxg7+ Kh8 33. Rgf7
Kg8 34. Rg7+ Kh8 35. Rgf7 Kg8 36. Rfd7 Ra8 37. c4 a4 38. Ra7 Ra6 39. Rg7+ Kf8
40. Raf7+ Ke8 41. Rb7 Rf6 42. Ne6 1-0